Kongenitální syfilis

Bibliographic Details
Main Authors: Hercogová, J. (Author), Janda, J. (Author), Mráček, J. (Author), Bláhová, K. (Author), Knappová, M. (Author), Zítková, M. (Author), Petrů, O. (Author)
Format: Article
Language:Czech

MARC

LEADER 00000nab a2200000uu 4500
001 vtls011137857
003 SK-MaSNL
005 20260303131602.0
008 230218|2001 xo |||||||||||||||||cze|
015 |a SNBRB 
035 |a (urnnbn)urn:nbn:sk:snk:ar-007u8f 
035 |a (uuid)668c5c07-e6e9-4328-9a52-9bcedf24786e 
035 |a urn:nbn:sk:snk-abaqdu 
040 |a SNKBUCL  |b slo  |c SNKBUCL  |e AACR2 
041 0 |a cze 
044 |a xo  |c SK 
100 1 |a Hercogová, J.  |4 aut  |9 1143545 
245 1 0 |a Kongenitální syfilis  |c J. Hercogová, J. Janda, J. Mráček, K. Bláhová, M. Knappová, M. Zítková, O. Petrů 
700 1 |a Janda, J.  |4 aut  |9 556367 
700 1 |a Mráček, J.  |4 aut  |9 1144415 
700 1 |a Bláhová, K.  |4 aut  |9 1134083 
700 1 |a Knappová, M.  |4 aut  |9 1148489 
700 1 |a Zítková, M.  |4 aut  |9 792785 
700 1 |a Petrů, O.  |4 aut  |9 1148413 
773 0 |t Československá pediatrie : časopis Pediatrické společnosti časopis Československé pediatrické společnosti, sekce Československé lékařské společnosti J.E. Purkyně ; časopis České a Slovenské pediatrické společnosti  |g Roč. 56, č. 2 (2001), s. 91-95 
954 |a odborná, vedecká literatúra cudzojazyčná (svetová)  |2 lita 
958 |a OND 
958 |a EUIPO 
958 |a article14 
999 |c 1945950  |d 1947880